Liechtenstein A-Z - Statistiken

Allgemein
  • Dieses Quiz wurde 101 mal gespielt
  • Das Durchschnittsergebnis liegt bei 13 aus 26
Antwortstatistiken
# Hinweis Antwort % Korrekt
D Amtssprache Deutsch
99%
V Hauptstadt Vaduz
98%
S Nachbarland Schweiz
95%
F Währung Schweizer {Franken}
95%
O Nachbarland Österreich
89%
Y Eine der wenigen Städte in denen Liechtenstein eine ständige Auslandsvertretung hat New {York}
85%
C Abkürzung für die Währung CHF
75%
X Im 16ten und 17ten Jahrhundert wurden mehrere Personen unter diesem Vorwurf hingerichtet Enthält ein X Hexerei
64%
L In der WM-Qualifikation 2006 schlug Liechtenstein dieses Land 4:0 Luxemburg
64%
H Fürst Hans-Adam II
62%
U Einziger anderer doppelter Binnenstaat Usbekistan
60%
J Neue Nationalhymne (seit 1963) Oben am {jungen} Rhein
54%
K Staatsform {konstitutionelle} Monarchie
49%
A Erpprinz Alois
47%
B Ort im Südwesten Balzers
41%
E Ort im Norden Eschen
41%
T Ort oberhalb von #V {Triesen}berg
39%
I Akademische Lehrstätte und wissenschaftliche Forschungsstelle in Bendern Liechtenstein-{Institut}
31%
G Ort im Nordwesten Gamprin
30%
M Ort im Nordosten Mauren
29%
Z Durch diesen Vertrag von 1923 ist Liechtenstein in Verwaltung und Wirtschaft eng mit #S verbunden (Kurzform) {Zoll}vertrag
26%
R Regierungschef Daniel {Risch}
22%
N 2571m hoher Gipfel Zugleich Dreiländereck {Naaf}kopf
16%
P Ort unterhalb des Garsellakopfs Planken
15%
Q Ehem. Forschungsbeauftragter für Geschichte im #I Dr. phil. Rupert {Quaderer}
6%
W Ortsteil von #T {Wanger}berg
6%
Keine übereinstimmenden Quizze gefunden
Verteilung der Resultate
Anzahl Personen mit jedem Resultat
Perzentil nach korrekt beantworteten Fragen
Ihre Resultats-Entwicklung
Sie haben dieses Quiz noch nicht gespielt